College Algebra/ (Record no. 9291)
[ view plain ]
| 000 -LEADER | |
|---|---|
| fixed length control field | 00483nam a22001937a 4500 |
| 003 - CONTROL NUMBER IDENTIFIER | |
| control field | OSt |
| 005 - DATE AND TIME OF LATEST TRANSACTION | |
| control field | 20240724110306.0 |
| 008 - FIXED-LENGTH DATA ELEMENTS--GENERAL INFORMATION | |
| fixed length control field | 240724b |||||||| |||| 00| 0 eng d |
| 020 ## - INTERNATIONAL STANDARD BOOK NUMBER | |
| International Standard Book Number | 9780321296443 |
| 040 ## - CATALOGING SOURCE | |
| Transcribing agency | MUST |
| 082 ## - DEWEY DECIMAL CLASSIFICATION NUMBER | |
| Edition number | 22 |
| Classification number | 512 RAT 2008 |
| 100 ## - MAIN ENTRY--PERSONAL NAME | |
| Personal name | Ratti,J S |
| 9 (RLIN) | 19001 |
| 245 ## - TITLE STATEMENT | |
| Title | College Algebra/ |
| Statement of responsibility, etc. | J S Ratti |
| 300 ## - PHYSICAL DESCRIPTION | |
| Extent | xxiii, 772p. |
| Other physical details | ill. |
| Dimensions | 26cm |
| 504 ## - BIBLIOGRAPHY, ETC. NOTE | |
| Bibliography, etc | indexes included |
| 650 ## - SUBJECT ADDED ENTRY--TOPICAL TERM | |
| Source of heading or term | mathematics |
| 700 ## - ADDED ENTRY--PERSONAL NAME | |
| Personal name | McWaters, Marcus |
| 9 (RLIN) | 19002 |
| 942 ## - ADDED ENTRY ELEMENTS (KOHA) | |
| Source of classification or shelving scheme | Dewey Decimal Classification |
| Koha item type | Open Shelf |
| Withdrawn status | Lost status | Source of classification or shelving scheme | Damaged status | Not for loan | Home library | Current library | Date acquired | Source of acquisition | Inventory number | Total Checkouts | Full call number | Barcode | Date last seen | Price effective from | Koha item type |
|---|---|---|---|---|---|---|---|---|---|---|---|---|---|---|---|
| Dewey Decimal Classification | MUST Main Library | MUST Main Library | 24/07/2024 | Donation | 10/32110 | 512 RAT 2008 | 2024-22187 | 24/07/2024 | 24/07/2024 | Open Shelf |
